Energy, economics, and the environment : toward a comprehensive perspective /

Bibliographic Details
Other Authors: Daneke, Gregory A.
Format: Book
Language:English
Published: Lexington, Mass. : LexingtonBooks, [1982]
Subjects:

MARC

Tag First Indicator Second Indicator Subfields
LEADER 00000pam a2200000 a 4500
001 in00000074911
005 20151008054826.0
008 810910s1982 maua b 00000 eng
010 |a  81047690  
020 |a 0669047171 
035 |a (OCoLC)07812952 
035 |9 AAJ1786AM 
039 0 |a 2  |b 3  |c 3  |d 3  |e 3 
040 |a DLC  |c DLC  |d TXA  |d UtOrBLW 
043 |a n-us--- 
049 |a TXAM  |c [933023] 
050 0 0 |a HD9502.U52  |b E487 
082 0 |a 333.79/0973  |2 19 
245 0 0 |a Energy, economics, and the environment :  |b toward a comprehensive perspective /  |c edited by Gregory A. Daneke. 
264 1 |a Lexington, Mass. :  |b LexingtonBooks,  |c [1982] 
264 4 |c ©1982 
300 |a xviii, 283 pages :  |b illustrations ;  |c 24 cm. 
336 |a text  |b txt  |2 rdacontent 
337 |a unmediated  |b n  |2 rdamedia 
338 |a volume  |b nc  |2 rdacarrier 
504 |a Includes bibliographical references. 
650 0 |a Energy policy  |z United States. 
650 0 |a Energy development  |x Environmental aspects  |z United States. 
651 0 |a United States  |x Economic policy  |y 1971-1981. 
700 1 |a Daneke, Gregory A. 
999 |a MARS 
999 f f |s 0739917a-8845-3703-a3b5-a6914c00b5fd  |i 68449d2a-7486-3fd8-9019-df4000984e85  |t 0 
952 f f |p ric  |a Texas A&M University  |b Rellis Campus  |c Joint Library Facility  |d Remote Storage  |t 0  |e HD9502.U52 E487  |h Library of Congress classification  |i unmediated -- volume  |m A14806130884 
998 f f |a HD9502.U52 E487  |t 0  |l Remote Storage